[Event "EU-ch Rapid"]
[Site "Zagreb"]
[Date "2023.12.15"]
[Round "11"]
[White "Dardha, Daniel"]
[Black "Pezelj, Novak"]
[Result "1-0"]
[WhiteElo "2598"]
[BlackElo "2481"]
[PlyCount "75"]
[EventDate "2023.12.14"]
[EventType "swiss (rapid)"]
[EventRounds "11"]
[EventCountry "CRO"]
[SourceTitle "CB51_2023"]
[SourceDate "2023.12.20"]
[SourceVersion "1"]
[SourceVersionDate "2023.12.20"]
[SourceQuality "1"]

1. e4 c6 2. Nf3 d5 3. d3 g6 4. e5 c5 5. d4 cxd4 6. Qxd4 Nc6 7. Bb5 e6 8. 0-0 Bd7 9. Qf4 Bg7 10. Bxc6 bxc6 11. Be3 h6 12. Bc5 Ne7 13. Re1 0-0 14. Qb4 Re8 15. Nbd2 Bf8 16. c4 Qb8 17. Qc3 Nf5 18. Bxf8 Rxf8 19. Nb3 Qb6 20. c5 Qb7 21. g4 Ne7 22. Nbd4 Rfb8 23. b3 Qb4 24. Qc1 Kg7 25. a3 Qb7 26. h4 a5 27. h5 Rh8 28. Qf4 Ng8 29. Re3 Be8 30. hxg6 Kxg6 31. Nf5 exf5 32. gxf5+ Kg7 33. f6+ Kf8 34. e6 fxe6 35. Qd6+ Kf7 36. Qxe6+ Kf8 37. Qd6+ Kf7 38. Ne5# 1-0

[Event "EU-ch Rapid"]
[Site "Zagreb"]
[Date "2023.12.14"]
[Round "4"]
[White "Veiga, Jose Francisco RP"]
[Black "Pezelj, Novak"]
[Result "0-1"]
[WhiteElo "2357"]
[BlackElo "2481"]
[PlyCount "88"]
[EventDate "2023.12.14"]
[EventType "swiss (rapid)"]
[EventRounds "11"]
[EventCountry "CRO"]
[SourceTitle "CB51_2023"]
[SourceDate "2023.12.20"]
[SourceVersion "1"]
[SourceVersionDate "2023.12.20"]
[SourceQuality "1"]

1. e4 c6 2. Nc3 d5 3. Nf3 Bg4 4. h3 Bxf3 5. Qxf3 e6 6. Be2 Nf6 7. 0-0 Nbd7 8. d4 dxe4 9. Nxe4 Nxe4 10. Qxe4 Nf6 11. Qd3 Qc7 12. Bf3 Rd8 13. Re1 Be7 14. c3 0-0 15. Qc4 Nd5 16. g3 Bf6 17. Kg2 Rd7 18. h4 Rc8 19. Qe2 h6 20. Be4 c5 21. dxc5 Qxc5 22. Qg4 Kf8 23. Qf3 b5 24. Bd2 a5 25. a4 bxa4 26. Rxa4 Qb5 27. Rea1 Qxb2 28. R1a2 Qb6 29. Bxh6 Rxc3 30. Be3 Nxe3+ 31. fxe3 Rxe3 32. Qh5 Qc7 33. Bf3 Rd5 34. Qh8+ Ke7 35. Qa8 Bc3 36. Rf4 g5 37. hxg5 Rxg5 38. Kf2 Rd3 39. Raa4 Rd2+ 40. Kf1 Bb4 41. Ra1 Rxg3 42. Rxb4 Rxf3+ 43. Ke1 Qg3+ 44. Kxd2 Qg2+ 0-1

[Event "SRB-chT Premier"]
[Site "Bajina Basta"]
[Date "2023.09.25"]
[Round "8.1"]
[White "Pezelj, Novak"]
[Black "Perunovic, Miodrag"]
[Result "1-0"]
[WhiteElo "2482"]
[BlackElo "2384"]
[PlyCount "103"]
[EventDate "2023.09.18"]
[EventType "team-tourn"]
[EventRounds "11"]
[EventCountry "SRB"]
[SourceTitle "EXT 2024"]
[Source "ChessBase"]
[SourceDate "2023.10.10"]
[SourceVersion "1"]
[SourceVersionDate "2023.10.10"]
[SourceQuality "1"]
[WhiteTeam "Goracici Jelica"]
[BlackTeam "Pozega"]
[WhiteTeamCountry "SRB"]
[BlackTeamCountry "SRB"]

1. e4 e5 2. Nf3 Nc6 3. Bb5 a6 4. Bxc6 dxc6 5. 0-0 Qe7 6. d4 exd4 7. Nxd4 Bd7 8. Nc3 0-0-0 9. Qf3 h5 10. Nf5 Qe8 11. Re1 Ne7 12. Nxe7+ Bxe7 13. Qe3 Kb8 14. b3 h4 15. h3 Rh6 16. Bb2 Rg6 17. Ne2 Bg5 18. Qf3 c5 19. Rad1 Bc6 20. Rxd8+ Bxd8 21. Nf4 Rg5 22. Qe3 Qd7 23. c4 b6 24. Bc3 f6 25. Nd5 f5 26. Be5 Kb7 27. Bxc7 fxe4 28. Bxb6 Bxd5 29. Bxd8 Qxd8 30. cxd5 Rxd5 31. Qxe4 Ka7 32. Qc4 g5 33. Qg4 Qd6 34. Qf3 Kb6 35. Qg4 Ka7 36. Qh5 Re5 37. Rd1 Qe7 38. Kf1 Kb6 39. Qg6+ Re6 40. Qg8 Kb7 41. a3 Re5 42. Qc4 Qe8 43. a4 Qe7 44. Rc1 Qd6 45. Qc3 Rd5 46. Re1 Kb6 47. a5+ Kc6 48. b4 Qh2 49. Qf3 cxb4 50. Rc1+ Kd6 51. Qf6+ Kd7 52. Qf7+ 1-0

[Event "Gligoric Cup 9th"]
[Site "Paracin"]
[Date "2023.05.17"]
[Round "2.3"]
[White "Pezelj, Novak"]
[Black "Pogorelskikh, Sergey"]
[Result "1-0"]
[WhiteElo "2481"]
[BlackElo "2220"]
[PlyCount "69"]
[EventDate "2023.05.16"]
[EventType "team-swiss"]
[EventRounds "5"]
[EventCountry "SRB"]
[SourceTitle "CBM 214 Extra"]
[Source "ChessBase"]
[SourceDate "2023.07.31"]
[SourceVersion "1"]
[SourceVersionDate "2023.07.31"]
[SourceQuality "1"]
[WhiteTeam "Goracici Jelica"]
[BlackTeam "Paracin"]
[WhiteTeamCountry "SRB"]
[BlackTeamCountry "SRB"]

1. Nf3 d5 2. b3 Nf6 3. Bb2 g6 4. c4 c6 5. e3 Bg7 6. Be2 0-0 7. 0-0 Re8 8. Qc2 Bg4 9. d3 Nbd7 10. h3 Bxf3 11. Bxf3 e5 12. Nd2 Qe7 13. cxd5 Nxd5 14. a3 h5 15. Rac1 N7f6 16. b4 Rad8 17. Qb3 Qe6 18. b5 g5 19. bxc6 bxc6 20. Qa4 g4 21. Rxc6 Qd7 22. hxg4 hxg4 23. Bd1 g3 24. Ra6 Qf5 25. Ne4 Nb6 26. Nxf6+ Qxf6 27. Qe4 Bh6 28. fxg3 Qg5 29. Rxa7 Qxe3+ 30. Kh2 Qxe4 31. dxe4 Rd6 32. Bb3 Be3 33. Bxf7+ Kh8 34. g4 Rf8 35. Bxe5+ 1-0

[Event "BL2-Ost 2223"]
[Site "Germany"]
[Date "2023.03.19"]
[Round "10.4"]
[White "Pezelj, Novak"]
[Black "Kindermann, Stefan"]
[Result "1/2-1/2"]
[WhiteElo "2492"]
[BlackElo "2465"]
[PlyCount "20"]
[EventDate "2022.10.22"]
[EventType "team-tourn"]
[EventRounds "10"]
[EventCountry "GER"]
[SourceTitle "EXT 2024"]
[Source "ChessBase"]
[SourceDate "2023.10.10"]
[SourceVersion "1"]
[SourceVersionDate "2023.10.10"]
[SourceQuality "1"]
[WhiteTeam "Regensburg Bavaria"]
[BlackTeam "Muenchen Zugzwang"]
[WhiteTeamCountry "GER"]
[BlackTeamCountry "GER"]

1. d4 d5 2. c4 e6 3. e3 Nf6 4. Nc3 b6 5. Nf3 Bb7 6. Bd3 Bd6 7. 0-0 0-0 8. b3 Nbd7 9. Bb2 a6 10. Qe2 Ne4 1/2-1/2

[Event "SRB-chT Premier"]
[Site "Vrnjacka Banja"]
[Date "2022.09.30"]
[Round "11.4"]
[White "Sarenac, Ivan"]
[Black "Pezelj, Novak"]
[Result "1/2-1/2"]
[WhiteElo "2402"]
[BlackElo "2496"]
[PlyCount "21"]
[EventDate "2022.09.20"]
[EventType "team-tourn"]
[EventRounds "11"]
[EventCountry "SRB"]
[SourceTitle "CBM 210 Extra"]
[Source "ChessBase"]
[SourceDate "2022.11.30"]
[SourceVersion "1"]
[SourceVersionDate "2022.11.30"]
[SourceQuality "1"]
[WhiteTeam "Vladimirci"]
[BlackTeam "Elemir Naftagas"]
[WhiteTeamCountry "SRB"]
[BlackTeamCountry "SRB"]

1. d4 Nf6 2. c4 e6 3. Nc3 Bb4 4. e3 c5 5. Nge2 0-0 6. a3 Bxc3+ 7. Nxc3 b6 8. Be2 Bb7 9. 0-0 d6 10. b3 Nbd7 11. Bb2 1/2-1/2

[Event "Pasching PlusCity op"]
[Site "Pasching"]
[Date "2022.06.17"]
[Round "3"]
[White "Pezelj, Novak"]
[Black "Borrmann, Laurenz"]
[Result "0-1"]
[WhiteElo "2482"]
[BlackElo "2274"]
[PlyCount "64"]
[EventDate "2022.06.17"]
[EventType "swiss (rapid)"]
[EventRounds "9"]
[EventCountry "AUT"]
[SourceTitle "EXT 2023"]
[Source "ChessBase"]
[SourceDate "2022.10.05"]
[SourceVersion "1"]
[SourceVersionDate "2022.10.05"]
[SourceQuality "1"]

1. e4 c6 2. d4 d5 3. Nc3 dxe4 4. Nxe4 Nf6 5. Nxf6+ exf6 6. c3 Bd6 7. Bd3 0-0 8. Ne2 Re8 9. Qc2 h5 10. Bd2 Nd7 11. 0-0-0 b5 12. Ng3 Nf8 13. Be4 Qc7 14. Nxh5 Bg4 15. Bf3 Be6 16. Rde1 Bxa2 17. b3 Qa5 18. Bxc6 Rxe1+ 19. Rxe1 Rc8 20. Bd5 b4 21. Qf5 Qa3+ 22. Kc2 Rxc3+ 23. Bxc3 bxc3 24. Qg4 Qb2+ 25. Kd3 Bb1+ 26. Rxb1 Qxb1+ 27. Kxc3 Qa1+ 28. Kc2 Qa2+ 29. Kd3 Qb1+ 30. Kc4 Qf1+ 31. Kc3 Qc1+ 32. Kd3 Qb1+ 0-1

[Event "BL2-Ost 2122"]
[Site "Germany"]
[Date "2022.05.01"]
[Round "4.4"]
[White "Wisnet, Dominic"]
[Black "Pezelj, Novak"]
[Result "0-1"]
[WhiteElo "2336"]
[BlackElo "2465"]
[PlyCount "82"]
[EventDate "2022.03.05"]
[EventType "team-tourn"]
[EventRounds "10"]
[EventCountry "GER"]
[SourceTitle "EXT 2023"]
[Source "ChessBase"]
[SourceDate "2022.10.05"]
[SourceVersion "1"]
[SourceVersionDate "2022.10.05"]
[SourceQuality "1"]
[WhiteTeam "Passau"]
[BlackTeam "Regensburg Bavaria"]
[WhiteTeamCountry "GER"]
[BlackTeamCountry "GER"]

1. Nf3 g6 2. c4 Bg7 3. d4 d6 4. Nc3 Nf6 5. g3 0-0 6. Bg2 Nc6 7. 0-0 a6 8. e4 Bg4 9. Be3 Qc8 10. Qc2 Nd7 11. d5 Bxf3 12. Bxf3 Nd4 13. Bxd4 Bxd4 14. Bg4 Qd8 15. Rad1 Bg7 16. f4 Nc5 17. Rfe1 a5 18. Re2 c6 19. h4 Qb6 20. Kg2 Qb4 21. Nb1 Ra6 22. e5 dxe5 23. fxe5 cxd5 24. Rxd5 e6 25. a3 Qb6 26. Rd6 Qc7 27. b4 axb4 28. axb4 Nd7 29. Nd2 Nxe5 30. Rxa6 bxa6 31. Bf3 Rb8 32. Qa4 Nxf3 33. Kxf3 Qb7+ 34. Kg4 Bc3 35. b5 axb5 36. cxb5 h5+ 37. Kh3 Bxd2 38. Rxd2 Qh1+ 39. Rh2 Qf1+ 40. Rg2 Rxb5 41. Qa8+ Kh7 0-1

[Event "CRO-chT1B 29th"]
[Site "Mali Losinj"]
[Date "2021.10.02"]
[Round "10.3"]
[White "Nemeth, Miklos"]
[Black "Pezelj, Novak"]
[Result "1-0"]
[WhiteElo "2474"]
[BlackElo "2453"]
[PlyCount "115"]
[EventDate "2021.09.25"]
[EventType "team-tourn"]
[EventRounds "11"]
[EventCountry "CRO"]
[SourceTitle "CBM 204 Extra"]
[Source "ChessBase"]
[SourceDate "2021.11.30"]
[SourceVersion "1"]
[SourceVersionDate "2021.11.30"]
[SourceQuality "1"]
[WhiteTeam "Strigova Stridon"]
[BlackTeam "Novo Virje Konaki"]
[WhiteTeamCountry "CRO"]
[BlackTeamCountry "CRO"]

1. e4 Nc6 2. d4 d6 3. f4 g6 4. Nf3 Bg7 5. c3 Nh6 6. Bd3 0-0 7. 0-0 e6 8. Na3 f5 9. e5 Nf7 10. Nc4 b5 11. Ne3 Rb8 12. a4 b4 13. Bb5 Ne7 14. cxb4 c6 15. Bc4 Rxb4 16. b3 Nd5 17. Nxd5 exd5 18. Ba3 Rb8 19. Bd3 c5 20. Rc1 cxd4 21. exd6 Nxd6 22. Ne5 Bb7 23. Bb5 Nxb5 24. axb5 Re8 25. Qxd4 Ba8 26. Qxa7 Qb6+ 27. Qxb6 Rxb6 28. Bc5 Rxb5 29. b4 Bxe5 30. fxe5 Rxe5 31. g4 Bb7 32. gxf5 gxf5 33. Rc3 Bc8 34. Bd4 Re8 35. Rfc1 Bd7 36. Rg3+ Kf7 37. Rg7+ Ke6 38. Bc5 f4 39. Kf2 Bc6 40. Rc7 Rxc5 41. bxc5 Bb5 42. Re1+ Kf5 43. Rf7+ Kg6 44. Rxf4 Ra8 45. Rg1+ Kh5 46. Rf5+ Kh4 47. Rxd5 Ra2+ 48. Ke3 Rxh2 49. Rg7 h6 50. Rg6 Rh3+ 51. Kf4 h5 52. c6 Be2 53. Rc5 Rf3+ 54. Ke5 Rf8 55. c7 Re8+ 56. Kf4 Rc8 57. Rg2 Rf8+ 58. Rf5 1-0

[Event "CRO-chT1B 29th"]
[Site "Mali Losinj"]
[Date "2021.09.30"]
[Round "8.4"]
[White "Csonka, Attila Istvan"]
[Black "Pezelj, Novak"]
[Result "0-1"]
[WhiteElo "2361"]
[BlackElo "2453"]
[PlyCount "176"]
[EventDate "2021.09.25"]
[EventType "team-tourn"]
[EventRounds "11"]
[EventCountry "CRO"]
[SourceTitle "CBM 204 Extra"]
[Source "ChessBase"]
[SourceDate "2021.11.30"]
[SourceVersion "1"]
[SourceVersionDate "2021.11.30"]
[SourceQuality "1"]
[WhiteTeam "Slavonski Brod Djakovic"]
[BlackTeam "Novo Virje Konaki"]
[WhiteTeamCountry "CRO"]
[BlackTeamCountry "CRO"]

1. e4 d6 2. d4 g6 3. Nf3 Bg7 4. Be2 Nf6 5. Nc3 0-0 6. h3 a6 7. Bg5 h6 8. Be3 Nc6 9. Qd2 Kh7 10. d5 Ne5 11. Nxe5 dxe5 12. g4 Ne8 13. h4 e6 14. Bc5 Rh8 15. 0-0-0 b6 16. Be3 Qe7 17. g5 h5 18. dxe6 fxe6 19. Rh3 Rf8 20. Rg3 Kg8 21. Bf3 Bb7 22. Qe2 b5 23. a3 b4 24. Nb1 a5 25. Qb5 Nd6 26. Qc5 Ra6 27. Be2 Rc6 28. Qxa5 b3 29. c3 Nxe4 30. Rf3 Ra8 31. Qb4 Qxb4 32. axb4 Rd6 33. Na3 Nxc3 34. bxc3 Rxd1+ 35. Bxd1 Bxf3 36. Bxf3 Rxa3 37. Kb2 Ra6 38. Be4 Kf7 39. Kxb3 Bf8 40. c4 Ra1 41. c5 Rg1 42. Bf3 e4 43. Bxe4 Rg4 44. f3 Rxh4 45. Kc4 Bg7 46. Kb5 Bc3 47. c6 Rh2 48. Bf4 Rb2 49. Kc4 Bxb4 50. Bxc7 Be7 51. Be5 Rb4+ 52. Kc3 Rb5 53. Kd4 Bd8 54. f4 Bb6+ 55. Kc4 Rc5+ 56. Kb4 Rc1 57. Kb5 Bd8 58. Ka6 h4 59. Kb7 h3 60. c7 Bxc7 61. Bxc7 h2 62. Be5 Ke7 63. Kb6 Kd7 64. Kb5 h1Q 65. Bxh1 Rxh1 66. Kc5 Rc1+ 67. Kd4 Kc6 68. Bg7 Rc5 69. Ke4 Ra5 70. Bf8 Kd7 71. Bg7 Rb5 72. Bf8 Rb1 73. Ke5 Rb5+ 74. Ke4 Ra5 75. Bg7 Ke7 76. Bc3 Rb5 77. Bg7 Rb4+ 78. Ke5 Rb5+ 79. Ke4 Rb1 80. Bf6+ Kd6 81. Be5+ Kc5 82. Bc3 Kc4 83. Ba5 Ra1 84. Bc7 Re1+ 85. Kf3 Kd3 86. Bd6 Rf1+ 87. Kg2 Ke2 88. Bc7 Rf3 0-1

[Event "CRO-chT1B 29th"]
[Site "Mali Losinj"]
[Date "2021.09.26"]
[Round "3.1"]
[White "Skuhala, Jernej"]
[Black "Pezelj, Novak"]
[Result "1/2-1/2"]
[WhiteElo "2351"]
[BlackElo "2453"]
[PlyCount "25"]
[EventDate "2021.09.25"]
[EventType "team-tourn"]
[EventRounds "11"]
[EventCountry "CRO"]
[SourceTitle "CBM 204 Extra"]
[Source "ChessBase"]
[SourceDate "2021.11.30"]
[SourceVersion "1"]
[SourceVersionDate "2021.11.30"]
[SourceQuality "1"]
[WhiteTeam "Mihovljan Sloboda"]
[BlackTeam "Novo Virje Konaki"]
[WhiteTeamCountry "CRO"]
[BlackTeamCountry "CRO"]

1. e4 g6 2. d4 Bg7 3. Nc3 a6 4. a4 b6 5. Be3 d6 6. Qd2 Bb7 7. f3 e6 8. Bc4 Nf6 9. h4 h6 10. Nge2 Nc6 11. Nf4 d5 12. exd5 Na5 13. Bd3 1/2-1/2

[Event "SRB-chT Premier"]
[Site "Vrnjacka Banja"]
[Date "2021.09.11"]
[Round "6.5"]
[White "Brenjo, Slavisa"]
[Black "Pezelj, Novak"]
[Result "0-1"]
[WhiteElo "2401"]
[BlackElo "2453"]
[PlyCount "98"]
[EventDate "2021.09.07"]
[EventType "team-tourn"]
[EventRounds "11"]
[EventCountry "SRB"]
[SourceTitle "CBM 204 Extra"]
[Source "ChessBase"]
[SourceDate "2021.11.30"]
[SourceVersion "1"]
[SourceVersionDate "2021.11.30"]
[SourceQuality "1"]
[WhiteTeam "Novi Sad SK"]
[BlackTeam "Lucani Mladost"]
[WhiteTeamCountry "SRB"]
[BlackTeamCountry "SRB"]

1. e4 g6 2. d4 Bg7 3. Nc3 c6 4. h4 h5 5. Nf3 d5 6. e5 Bg4 7. Be2 e6 8. Ng5 Bxe2 9. Nxe2 c5 10. Qd3 Ne7 11. c3 Nbc6 12. Bd2 Rc8 13. b4 b6 14. bxc5 bxc5 15. Rb1 Qd7 16. Ng3 cxd4 17. cxd4 f6 18. exf6 Bxf6 19. 0-0 Nxd4 20. Rfe1 e5 21. Bf4 Ndc6 22. Rbc1 0-0 23. Be3 Rfd8 24. Nxh5 Bxg5 25. Bxg5 gxh5 26. Bxe7 Nxe7 27. Rxc8 Qxc8 28. Qg3+ Qg4 29. Qxe5 Ng6 30. Qc7 Rd7 31. Qc8+ Kg7 32. Re8 Kh7 33. g3 d4 34. Qc4 Nxh4 35. Qd3+ Qg6 36. Re4 Nf5 37. Re5 Nxg3 38. Qxg3 Qxg3+ 39. fxg3 d3 40. Re1 Kg6 41. Kf2 d2 42. Rd1 Kg5 43. Kf3 a5 44. a4 Rd8 45. Ke3 Kg4 46. Kf2 Rd7 47. Kg2 Rd3 48. Kf2 Kf5 49. Ke2 Ke4 0-1

[Event "SRB-chT Premier"]
[Site "Vrnjacka Banja"]
[Date "2021.09.11"]
[Round "5.2"]
[White "Pezelj, Novak"]
[Black "Nestorovic, Nikola"]
[Result "1/2-1/2"]
[WhiteElo "2453"]
[BlackElo "2479"]
[PlyCount "84"]
[EventDate "2021.09.07"]
[EventType "team-tourn"]
[EventRounds "11"]
[EventCountry "SRB"]
[SourceTitle "CBM 204 Extra"]
[Source "ChessBase"]
[SourceDate "2021.11.30"]
[SourceVersion "1"]
[SourceVersionDate "2021.11.30"]
[SourceQuality "1"]
[WhiteTeam "Lucani Mladost"]
[BlackTeam "Vladimirci"]
[WhiteTeamCountry "SRB"]
[BlackTeamCountry "SRB"]

1. Nf3 d5 2. d4 Bf5 3. g3 e6 4. Bg2 Nc6 5. 0-0 Nb4 6. Na3 c6 7. c3 Na6 8. Nc2 Be4 9. Re1 Nf6 10. Bf1 Be7 11. Ne5 h6 12. f3 Bh7 13. e4 Nc7 14. Bg2 0-0 15. Nd3 Na6 16. exd5 Nxd5 17. Ne3 Nf6 18. b4 Nc7 19. Bb2 a5 20. a3 Ncd5 21. Nc4 axb4 22. axb4 Rxa1 23. Bxa1 Qc7 24. Nce5 Nd7 25. Qb3 Nxe5 26. Nxe5 b5 27. Bb2 Bd6 28. f4 Ra8 29. Bf3 Bxe5 30. fxe5 Bd3 31. Bh5 Bc4 32. Qc2 Ra2 33. Ra1 Rxa1+ 34. Bxa1 Qa7 35. Bb2 Qa2 36. Qc1 Bd3 37. Bf3 Nb6 38. Qa1 Qb3 39. Bc1 Nc4 40. h4 Qc2 41. Bf4 Be4 42. Qd1 Qxd1+ 1/2-1/2

[Event "SRB-chT Premier"]
[Site "Ruma"]
[Date "2020.10.01"]
[Round "9.2"]
[White "Vuckovic, Bojan"]
[Black "Pezelj, Novak"]
[Result "1-0"]
[WhiteElo "2578"]
[BlackElo "2465"]
[PlyCount "51"]
[EventDate "2020.09.25"]
[EventType "team-tourn"]
[EventRounds "11"]
[EventCountry "SRB"]
[SourceTitle "CBM 198 Extra"]
[Source "ChessBase"]
[SourceDate "2020.11.30"]
[SourceVersion "1"]
[SourceVersionDate "2020.11.30"]
[SourceQuality "1"]
[WhiteTeam "Goracici Jelica"]
[BlackTeam "Lucani Mladost"]
[WhiteTeamCountry "SRB"]
[BlackTeamCountry "SRB"]

1. e4 c5 2. Nf3 Nc6 3. d4 cxd4 4. Nxd4 Qc7 5. Nc3 e6 6. Be3 a6 7. Qd2 Nf6 8. 0-0-0 b5 9. f3 Ne5 10. g4 h6 11. h4 Bb4 12. Be2 Nexg4 13. fxg4 Nxe4 14. Bf4 Bxc3 15. Qe3 e5 16. Qxe4 Bb7 17. Qxe5+ Qxe5 18. Bxe5 Bxd4 19. Bxd4 Bxh1 20. Rxh1 0-0 21. Bf3 Rac8 22. g5 hxg5 23. hxg5 d5 24. g6 Rcd8 25. Rh7 f6 26. Rh5 1-0